000 00452nam a2200181Ia 4500
001 18016
005 20260306171559.0
008 260306s9999||||xx |||||||||||||| ||und||
041 _aESP
082 _a658.3125
_bC95
100 _aCuesta Santos, Armando
_eAUT
245 0 _aManual para la evaluación del desempeño laboral
260 _c2018
300 _a174 páginas :
_c25 cm.
650 _aGEN
654 _aCAN
942 _cLIB
_dJUS
_fJUS
_2ddc
_n
999 _c18016
_d18016